000 00452nam a2200145 i 4500
001 64075
003 ES-MaACL
007 t|
008 031219s1911 xxu ||||1| eng d
100 1 _aFite, Warner.
_951059
245 1 0 _aIndividualism
_b: four lectures on the significate of consciousness for social relations /
_cWarner Fite.
260 _aNew York :
_bLongmans, Green and Co,
_c1911.
300 _aXX, 302 p. ;
_c21 cm.
852 _aES-MaACL
_jC-741
999 _c64075
_d64075